000 00260nam a22001097a 4500
008 170126b xxu||||| |||| 00| 0 eng d
020 _a9780131999329
041 _aeng
080 _a61
245 _aADMINISTRATIVE MEDICAL ASSISTING
_cMALONE, CH
942 _2udc
_cBK
999 _c3724
_d3724